Frozen - Singapore : product market study 2010.
| Corporate Author: | |
|---|---|
| Format: | Book |
| Published: |
Singapore:
MATRADE Singapore,
2010.
|
| Series: | Product market study
|
| Subjects: |
| LEADER | 00526cam a2200157 7i4500 | ||
|---|---|---|---|
| 001 | 0000025841 | ||
| 005 | 20110217090000.0 | ||
| 090 | 0 | 0 | |a SING 664.0282 |b MAL |
| 110 | 2 | 0 | |a Malaysia External Trade Development Corporation (MATRADE) |
| 245 | 2 | 0 | |a Frozen - Singapore : |b product market study 2010. |
| 260 | 0 | 0 | |a Singapore: |b MATRADE Singapore, |c 2010. |
| 300 | # | # | |a 20 p. |
| 440 | 0 | 0 | |a Product market study |
| 650 | 0 | 0 | |a Frozen food -- |x Markets -- |z Singapore |
| 651 | 0 | 0 | |a Singapore |
| 999 | |a 0000027837 |b Book |c Countries |e Business Information Centre | ||